Tell Me Why/ (Record no. 7057)

MARC details
000 -LEADER
fixed length control field 00450nam a2200169Ia 4500
003 - CONTROL NUMBER IDENTIFIER
control field GBCCL
005 - DATE AND TIME OF LATEST TRANSACTION
control field 20241126110618.0
008 - FIXED-LENGTH DATA ELEMENTS--GENERAL INFORMATION
fixed length control field 180706b ||||| |||| 00| 0 eng d
040 ## - CATALOGING SOURCE
Transcribing agency GBC
082 ## - DEWEY DECIMAL CLASSIFICATION NUMBER
Classification number 030
Item number LEO
100 ## - MAIN ENTRY--PERSONAL NAME
Personal name Leolum, Arkady
9 (RLIN) 12497
245 ## - TITLE STATEMENT
Title Tell Me Why/
Statement of responsibility, etc. Arkady Leokum
260 ## - PUBLICATION, DISTRIBUTION, ETC.
Date of publication, distribution, etc. 1990.
Place of publication, distribution, etc. London:
Name of publisher, distributor, etc. The Octopus Publishing Group Ltd.,
300 ## - PHYSICAL DESCRIPTION
Extent 392p.
650 ## - SUBJECT ADDED ENTRY--TOPICAL TERM
Topical term or geographic name entry element Children's questions and answers
9 (RLIN) 12385
942 ## - ADDED ENTRY ELEMENTS (KOHA)
Source of classification or shelving scheme Dewey Decimal Classification
Koha item type Reference Books
Holdings
Withdrawn status Lost status Source of classification or shelving scheme Damaged status Not for loan Home library Current Library Shelving location Date acquired Total checkouts Full call number Barcode Date last seen Copy number Price effective from Koha item type
    Dewey Decimal Classification     GRACE BIBLE COLLEGE GRACE BIBLE COLLEGE Encyclopedia 2018-07-06   030 LEO 003271 2025-05-01 c.1 2018-07-06 Reference Books
© Grace Bible College Library 2025